al-Ālam al-ʿarabī al-yawm /

محفوظ في:

المؤلف الرئيسي: Berger, Morroe (مؤلف)

مؤلفون آخرون: Muḥammad, Muḥyī ad-Dīn.

التنسيق: كتاب

اللغة: Arabic
English

الطبعة: al-Tāba'a al-Ūlá.

الموضوعات:

الوسوم: إضافة وسم

لا توجد وسوم, كن أول من يضع وسما على هذه التسجيلة!

رقم الطلب: DS63 .B4312 1963

LEADER 01557nam a22002897a 4500
005 20251228074317.0
008 251225t1963 le g b 000 0 ara d
041 1 |a ara  |h eng 
043 |a ma----- 
050 1 4 |a DS63  |b .B4312 1963 
100 1 |a Berger, Morroe,  |e author. 
240 1 0 |a Arab world today.  |l Aarbic 
245 1 3 |6 880-02  |a al-Ālam al-ʿarabī al-yawm /  |c Morroe Berger ; naqalahā ilā al-ʿarabiyya Muḥyī ad-Dīn Muḥammad. 
250 |a al-Tāba'a al-Ūlá. 
264 1 |a Bayrūt :  |b Dār Maǧalla Šiʿr,  |c 1963. 
300 |a 364 pages :  |b illustrations ;  |c 25 cm 
336 |a text  |b txt  |2 rdacontent 
337 |a unmediated  |b n  |2 rdamedia 
338 |a volume  |b nc  |2 rdacarrier 
500 |a Translation of : The Arab world today. 
504 |a Bibliography : pages 349-364. 
651 0 |a Arab countries  |x Politics and government  |y 1945- 
651 0 |a Arab countries  |x Economic conditions. 
700 1 |a Muḥammad, Muḥyī ad-Dīn. 
880 1 2 |6 245-02/(3/r  |a العالم العربي اليوم /‪‪‪‪‪‪‪‪‪‪‪‪‪‪‪‪‪‪‪‪‪‪‪‪‪‪‪‪‪‪‪‪‪‪‪‪‪‪‪‪‪‪‪‪‪‪‪‪‪‪‪‪‪‪‪‪‪‪‪‪‪‪‪‪‪‪‪‪‪‪  |c مورو بيرجر ؛ نقلها إلى العربية محيي الدين محمد.‪‪‪‪‪‪‪‪‪‪‪‪‪‪‪‪‪‪‪‪‪‪‪‪‪‪‪‪‪‪‪‪‪‪‪‪‪‪‪‪‪‪‪‪‪‪‪‪‪‪‪‪‪‪‪‪‪‪‪‪‪‪‪‪‪‪‪‪‪‪ 
942 |c BK  |2 lcc 
999 |c 29131  |d 29131